书目信息 |
| 题名: |
国际金融
|
|
| 作者: | 韩博印 , 王学信 主编 | |
| 分册: | ||
| 出版信息: | 北京 北京大学出版社 2007.09 |
|
| 页数: | 324页 | |
| 开本: | 23cm | |
| 丛书名: | 21世纪全国应用型本科财经管理系列实用规划教材 | |
| 单 册: | ||
| 中图分类: | F831 | |
| 科图分类: | ||
| 主题词: | 国际金融--guo ji jin rong--高等学校--教材 | |
| 电子资源: | ||
| ISBN: | 978-7-5038-4893-3 | |
| 000 | 01111nam 2200277 450 | |
| 001 | 012008467046 | |
| 005 | 20080604173416.35 | |
| 010 | @a978-7-5038-4893-3@dCNY30.00 | |
| 100 | @a20080604d2007 em y0chiy0120 ea | |
| 101 | 0 | @achi@aeng |
| 102 | @aCN@b110000 | |
| 105 | @ay a 000yy | |
| 106 | @ar | |
| 200 | 1 | @a国际金融@Aguo ji jin rong@f主编韩博印, 王学信@Fzhu bian han bo yin,wang xue xin |
| 210 | @a北京@c北京大学出版社@c中国林业出版社@d2007.09 | |
| 215 | @a324页@d23cm | |
| 225 | 2 | @a21世纪全国应用型本科财经管理系列实用规划教材@A21 shi ji quan guo ying yong xing ben ke cai jing guan li xi lie shi yong gui hua jiao cai |
| 320 | @a有书目 | |
| 330 | @a本书共11章,包括:外汇和汇率,汇率理论、汇率政策、国际收支、国际收支调节理论、国际货币体系、国际金融市场、国际资本流动、国际资本流动理论等内容。 | |
| 410 | 0 | @12001 @a21世纪全国应用型本科财经管理系列实用规划教材 |
| 606 | 0 | @a国际金融@Aguo ji jin rong@x高等学校@j教材 |
| 690 | @aF831@v4 | |
| 701 | 0 | @a韩博印@Ahan bo yin@4主编 |
| 701 | 0 | @a王学信@Awang xue xin@4主编 |
| 801 | 0 | @aCN@bQSSK@c20080604 |
| 905 | @b724026-28@dF831@eH078@f3 | |
| 国际金融/主编韩博印, 王学信.-北京:北京大学出版社:中国林业出版社,2007.09 |
| 324页;23cm.-(21世纪全国应用型本科财经管理系列实用规划教材) |
| ISBN 978-7-5038-4893-3:CNY30.00 |
| 本书共11章,包括:外汇和汇率,汇率理论、汇率政策、国际收支、国际收支调节理论、国际货币体系、国际金融市场、国际资本流动、国际资本流动理论等内容。 |
| ● |
| 相关链接 |
|
|
|
正题名:国际金融
索取号:F831/H078
 
预约/预借
| 序号 | 登录号 | 条形码 | 馆藏地/架位号 | 状态 | 备注 |
| 1 | 724026 | 207240261 | 社科二线422/422社科库 31排1列1层/ [索取号:F831/H078] | 在馆 | |
| 2 | 724027 | 207240270 | 社科库409/409社科库 53排7列1层/ [索取号:F831/H078] | 在馆 | |
| 3 | 724028 | 207240289 | 社科库409/409社科库 53排7列1层/ [索取号:F831/H078] | 在馆 |